The European philosophers from Descartes to Nietzsche (With an updated bibliography)

Uloženo v:
Podrobná bibliografie
Médium: Kniha
Jazyk:Undetermined
Vydáno: New York Modern Library 1993
Témata:
Tagy: Přidat tag
Žádné tagy, Buďte první, kdo otaguje tento záznam!
Thư viện lưu trữ: Trung tâm Học liệu Trường Đại học Cần Thơ
LEADER 00469nam a2200157Ia 4500
001 CTU_18235
008 210402s9999 xx 000 0 und d
082 |a 190 
082 |b E89 
245 4 |a The European philosophers from Descartes to Nietzsche (With an updated bibliography) 
260 |a New York 
260 |b Modern Library 
260 |c 1993 
650 |a philosophers - europe 
904 |i Minh, 970820 
980 |a Trung tâm Học liệu Trường Đại học Cần Thơ